000 01105nam a2200301Ia 4500
003 OSt
005 20221007123322.0
006 a|||||r|||| 00| 0
007 ta
008 221006b |||||||| |||| 00| 0 eng d
020 _a047135385X (pbk)
_c
_ 64.95
024 _a6414
037 _bLibco,
_cTextual
040 _aPAPL
_cPAPL
_beng
041 _2eng
_aeng
082 _aCN301, M0
100 _aGuidry Mike
_9716656
245 0 _aGauge field theories: an introduction with applications by Mike Guidry
260 _aNew
_bYork John Wiley Sons, Inc
_c1980
300 _axv,605p
_ccm.
490 _aWiley science paperback series
500 _aAppendices A-D, 511-577p; Bibliographical references 579-592p; Index 593-605p; ^n23/CSL/Carpa/99-2000/689^d2000-01-07^mPurchase; ; 99-2000/334^b2000-01-24^c371^d2000-01-24^eRs.6,211.00^fLibco Book Distributors; ; 2000-01-25^bSB^c2000-02-02^dSK^r2000-02-25
650 _a Field Theory
650 _a Gauge Theory
_9715033
650 _aPhysics
942 _hCN301, M0
_cTEXL
_2CC
999 _c1211688
_d1211688